书目信息 |
| 题名: |
工程建设概(预)算审查
|
|
| 作者: | 丁宝珍 编著 | |
| 分册: | ||
| 出版信息: | 北京 中国财政经济出版社 1988.7 |
|
| 页数: | 277页 | |
| 开本: | 19厘米 | |
| 丛书名: | 投资管理丛书 | |
| 单 册: | ||
| 中图分类: | F407.9671 , F407.9 | |
| 科图分类: | ||
| 主题词: | 建筑概算定额--审查 , 建筑预算定额--审查 | |
| 电子资源: | ||
| ISBN: | 7-5005-0177-3 | |
| 000 | 01009nam2 2200289 45 | |
| 001 | 0188011109 | |
| 005 | 20060810102738.15 | |
| 010 | @a7-5005-0177-3@dCNY2.20 | |
| 020 | @aCN@b88011109 | |
| 100 | @a19910415d1988 m y0chiy0120 ea | |
| 101 | 0 | @achi |
| 102 | @aCN@b110000 | |
| 105 | @ay z 000yy | |
| 200 | 10 | @a工程建设概(预)算审查@Agong cheng jian she gai ( yu ) suan shen cha@f丁宝珍等编著@Fding bao zhen deng bian zhu |
| 210 | @a北京@c中国财政经济出版社@d1988.7 | |
| 215 | @a277页@d19厘米 | |
| 225 | 2 | @a投资管理丛书 |
| 330 | @a全书介绍了基建产品计价依据的确定和工程概(预)算的编制;工程概算、施工图预算的审查内容和审查方法,投资包干指标的编制与审查。 | |
| 410 | 0 | @120010@a投资管理丛书 |
| 540 | 1 | @a工程建设概(预)算审查@Agong cheng jian she gai ( yu ) suan shen cha |
| 606 | @a建筑概算定额@x审查 | |
| 606 | @a建筑预算定额@x审查 | |
| 690 | @aF407.9671@v1980 | |
| 690 | @aF407.9@v3 | |
| 701 | 0 | @a丁宝珍@Ading bao zhen@4编著 |
| 801 | 0 | @aCN@bTSSF@c20060810 |
| 905 | @a10447@dF407.9@e166 | |
| 工程建设概(预)算审查/丁宝珍等编著.-北京:中国财政经济出版社,1988.7 |
| 277页;19厘米.-(投资管理丛书) |
| ISBN 7-5005-0177-3:CNY2.20 |
| 全书介绍了基建产品计价依据的确定和工程概(预)算的编制;工程概算、施工图预算的审查内容和审查方法,投资包干指标的编制与审查。 |
| ● |
| 相关链接 |
|
|
|
|
正题名:工程建设概(预)算审查
索取号:F407.9/166
 
预约/预借
| 序号 | 登录号 | 条形码 | 馆藏地/架位号 | 状态 | 备注 |
| 1 | 0448352 | 204483521 | 密集书库/ [索取号:F407.9/166] | 在馆 |